000
00269nam a22001217a 4500
020
_a
0-08-025071-8
082
_a
515.72 MIK'O
100
_a
MIKUSINKI, YAN
_9
57266
245
_a
OPERATIONAL CALCULUS
260
_a
OXFORD
_b
PERGMAN
_c
1983
300
_a
V-1
942
_c
BK
999
_c
567561
_d
567561